000 00846nam a22002897a 4500
001 BR8003961
003 BR-BrBNA
005 20230928090638.0
007 ta
008 230509b bl.||||| |||| 00| 0 por d
040 _aBR-BrBNA
_bpor
_cBiblioteca Nacional de Agricultura
041 _a(Por)
072 _aK20; E30; P10
_b/G514
_b/GZ65
090 _ K20 BR8003961
100 1 _aAndreazza, M.D.
245 1 _aPolitica florestal para a Amazonia, desenvolvimento do Nordeste e controle das enchentes do Sao Francisco [Brasil]
260 3 _aBrasilia, DF (Brasil):
_c1980.
300 _a53 p.
650 _aPOLITICA FLORESTAL
650 _aAMAZONIA
650 _aPOLITICA DE DESENVOLVIMENTO
650 _aREGIAO NORDESTE
650 _aIRRIGACAO
650 _aRIO SAO FRANCISCO
909 _a202309
_bLucia
_c55
_dLucia Elande
942 _cBK
999 _c29804
_d29804